The Assemblies of God in mission. (Record no. 14210)

000 -LEADER
fixed length control field 00578nam a2200181 a 4500
001 - CONTROL NUMBER
control field :::00012037$&:&@@
003 - CONTROL NUMBER IDENTIFIER
control field OkBaRHE
005 - DATE AND TIME OF LATEST TRANSACTION
control field 20000607103415.0
008 - FIXED-LENGTH DATA ELEMENTS--GENERAL INFORMATION
fixed length control field s1970 j 000 0 eng u
040 ## - CATALOGING SOURCE
Transcribing agency
100 1# - MAIN ENTRY--PERSONAL NAME
Personal name Carlson, G. Raymond.
245 14 - TITLE STATEMENT
Title The Assemblies of God in mission.
260 ## - PUBLICATION, DISTRIBUTION, ETC. (IMPRINT)
Place of publication, distribution, etc Springfield, MO., :
Name of publisher, distributor, etc Gospel Publishing House
Date of publication, distribution, etc c1970
300 ## - PHYSICAL DESCRIPTION
Extent 127 p. ;
Dimensions 20 cm.
650 ## - SUBJECT ADDED ENTRY--TOPICAL TERM
Topical term or geographic name as entry element Missions Pentecostal
General subdivision Assembly of God
942 ## - ADDED ENTRY ELEMENTS (KOHA)
Source of classification or shelving scheme
Koha item type Books
Copies
Damaged status Lost status Not for loan Price effective from Copy number Barcode Withdrawn status Full call number Shelving location Date last seen Koha item type Permanent Location Source of classification or shelving scheme Date acquired
   2010-04-14112037 BX 8769 .A4C3General Stacks2010-04-14BooksRHEMA Bible Training College 2010-04-14